Empowerment technologies (Record no. 6483)

MARC details
000 -LEADER
fixed length control field 00647nam a22001937a 4500
003 - CONTROL NUMBER IDENTIFIER
control field OSt
005 - DATE AND TIME OF LATEST TRANSACTION
control field 20251127144202.0
008 - FIXED-LENGTH DATA ELEMENTS--GENERAL INFORMATION
fixed length control field 251127b |||||||| |||| 00| 0 eng d
020 ## - INTERNATIONAL STANDARD BOOK NUMBER
International Standard Book Number 9789718218259
040 ## - CATALOGING SOURCE
Transcribing agency SHSL
082 ## - DEWEY DECIMAL CLASSIFICATION NUMBER
Classification number 004.1 E55
100 ## - MAIN ENTRY--PERSONAL NAME
Personal name Asejo, Nelson R
245 ## - TITLE STATEMENT
Title Empowerment technologies
Statement of responsibility, etc. Nelson R. Asejo...[and four others]
260 ## - PUBLICATION, DISTRIBUTION, ETC.
Place of publication, distribution, etc. Malabon City, Philippines
Name of publisher, distributor, etc. Mutya Publishing
Date of publication, distribution, etc. c2019
300 ## - PHYSICAL DESCRIPTION
Extent 298 pages
Other physical details illustrations
Dimensions 25 cm.
500 ## - GENERAL NOTE
General note Includes references and glossary.
600 ## - SUBJECT ADDED ENTRY--PERSONAL NAME
Source of heading or term Computers--Study and teaching. 2. Information and communications technology.
Personal name Asejo, Nelson R.
942 ## - ADDED ENTRY ELEMENTS (KOHA)
Source of classification or shelving scheme Dewey Decimal Classification
Koha item type Book-Filipiniana
Suppress in OPAC No
952 ## - LOCATION AND ITEM INFORMATION (KOHA)
--
Holdings
Withdrawn status Lost status Source of classification or shelving scheme Damaged status Not for loan Home library Current library Shelving location Date acquired Source of acquisition Total Checkouts Full call number Date last seen Copy number Price effective from Koha item type Uniform Resource Identifier
    Dewey Decimal Classification     Senior High School Library Senior High School Library Filipiniana 10/19/2024 Evaluation copy   Fil 004.1 E55 11/27/2025 1768 11/27/2025 BK-FIL